| 000 | 01075nam0a2200313 4500 | ||
|---|---|---|---|
| 001 | RU\NLR\bibl\4933 | ||
| 005 | 20260406051601.0 | ||
| 010 |
_a5-09-008357-6 _91000 |
||
| 021 |
_aRU _b98-4379 _9210 |
||
| 035 | _a(NLR Aleph) 000004791 | ||
| 090 |
_a12849 _c12849 |
||
| 100 | _a19980814d1997 |||y0rusy50 ca | ||
| 101 | 0 | _arus | |
| 102 | _aRU | ||
| 105 | _a||||||||||||| | ||
| 200 | 1 |
_aОбразование: канун новой парадигмы _fХ.Т. Тхагапсоев |
|
| 210 |
_aМ. _cПросвещение _d1997 |
||
| 215 |
_a99 с. _d20 |
||
| 320 | _aБиблиогр. в подстроч. примеч. | ||
| 606 | 0 |
_aПедагогика _xФилософские основы _92078364 _3RU\NLR\AUTH\661254212 |
|
| 686 | 1 | _aЧ30в | |
| 700 | 1 |
_4070 _8rus _7ca _aТхагапсоев _bХ. Г. _gХажисмель Гисович _3RU\NLR\auth\776823 _9116770 |
|
| 801 | 0 |
_aRU _bNLR _c19980814 _gPSBO |
|
| 801 | 1 |
_aRU _bNLR _c19980814 |
|
| 852 |
_aNLR _j98-4/789 |
||
| 942 | _cBOOK | ||
| 980 | _aNB | ||